RPDR Season 12 Contestants by Track Record - Statistics

General Stats
  • This quiz has been taken 169 times
  • The average score is 9 of 12
Answer Stats
Score Answer % Correct
3.77 Gigi Goode
99%
3.64 Jaida Essence Hall
92%
3.18 Crystal Methyd
86%
3 Jan
78%
2.82 Jackie Cox
72%
2.75 Widow Von'Du
69%
1 Dahlia Sin
68%
2.4 Heidi N Closet
65%
1.75 Nicky Doll
64%
1.67 Rock M. Sakura
63%
1.83 Brita
62%
2.6 Aiden Zhane
61%
No matching quizzes found
Score Distribution
Percent of People with Each Score
Percentile by Number Answered
Your Score History
You have not taken this quiz